| 000 | 00902nam a22002417a 4500 | ||
|---|---|---|---|
| 999 |
_c13744 _d13744 |
||
| 003 | AR-CdUCM | ||
| 008 | 190416b ||||| |||| 00| 0 spa d | ||
| 040 |
_aMUNICIPALIDAD PROVINCIAL DEL CUSCO _cBIBLIOTECA MUNICIPAL DEL CUSCO |
||
| 041 | _hfre | ||
| 082 |
_a338.91 / _bM933 _22ed. |
||
| 100 |
_aMoussa, Pierre _932271 |
||
| 245 | _aLas naciones proletarias / | ||
| 260 |
_aMadrid : _bTecnos, _c1965. |
||
| 300 |
_a184 páginas ; _bMapa mundi, Maquetal, _c23 cm. |
||
| 440 |
_aColección de Ciencias Sociales _n2 _932272 |
||
| 505 | _aContenido: Las Naciones pobres y la expoliación -- Los Caminos del crecimiento -- Política y geopolítica del desarrollo. | ||
| 650 |
_aDesarrollo económico _91696 |
||
| 650 |
_aPaíses en desarrollo _96901 |
||
| 650 |
_aAsistencia económica _932273 |
||
| 700 |
_aRubio, M. y Alcaide L. (traductor) _932274 |
||
| 942 |
_2ddc _cLIBROS |
||
| 945 |
_acmm _d2019-04-16 |
||